[Event "Valdepenas U1600 op 2nd"]
[Site "Valdepenas"]
[Date "2020.07.26"]
[Round "6.1"]
[White "Martinez Garcia, Ruben"]
[Black "Moreno Gutierrez, Victor Manuel"]
[Result "1/2-1/2"]
[WhiteElo "1453"]
[BlackElo "1588"]
[PlyCount "175"]
[EventDate "2020.07.25"]
[EventType "swiss (rapid)"]
[EventRounds "7"]
[EventCountry "ESP"]
[SourceTitle "EXT 2024"]
[Source "ChessBase"]
[SourceDate "2023.10.10"]
[SourceVersion "1"]
[SourceVersionDate "2023.10.10"]
[SourceQuality "1"]

1. e4 c5 2. d4 cxd4 3. c3 d3 4. Bxd3 g6 5. Nf3 Bg7 6. c4 Nc6 7. 0-0 d6 8. Nc3 Nf6 9. Nd5 0-0 10. Rb1 b6 11. b4 Nd7 12. Bg5 h6 13. b5 hxg5 14. bxc6 Ne5 15. Nxe5 Bxe5 16. Qd2 e6 17. c7 Qd7 18. Nb4 Bf4 19. Qe2 Qxc7 20. g3 Be5 21. f4 Qc5+ 22. Kh1 Bg7 23. f5 gxf5 24. exf5 Bb7+ 25. Be4 Qe5 26. Rbe1 Qxe4+ 27. Qxe4 Bxe4+ 28. Rxe4 Rac8 29. f6 Bh6 30. g4 Kh7 31. Rd4 Rfd8 32. Rf2 Kg6 33. Nc2 Rc5 34. Na3 d5 35. Kg2 Rdc8 36. cxd5 Rxd5 37. Rxd5 exd5 38. Nb5 a6 39. Nd6 Rc6 40. Nf5 Bf8 41. Rd2 Rxf6 42. Rxd5 Re6 43. Kf3 Bc5 44. h4 gxh4 45. Nxh4+ Kf6 46. Nf5 Re1 47. Rd2 Rf1+ 48. Kg2 Rg1+ 49. Kf3 Rf1+ 50. Kg2 Rf4 51. Kg3 Rc4 52. Nd6 Bxd6+ 53. Rxd6+ Kg5 54. Rd5+ Kg6 55. Rd6+ f6 56. Rxb6 Ra4 57. Rb2 Kg5 58. Rc2 Rxg4+ 59. Kf3 Rf4+ 60. Ke3 Ra4 61. Rg2+ Kf5 62. Rf2+ Ke5 63. Rc2 f5 64. Rc5+ Kf6 65. Rc2 Kg5 66. Kf3 Ra3+ 67. Kf2 a5 68. Kg2 Kg4 69. Kf2 f4 70. Kg2 Kf5 71. Kf2 Ke4 72. Ke2 Kd4 73. Kd2 f3 74. Ke1 Re3+ 75. Kf2 Kd3 76. Rc8 Re2+ 77. Kxf3 Rxa2 78. Rd8+ Kc3 79. Ke3 a4 80. Rc8+ Kb2 81. Kd2 a3 82. Rb8+ Ka1+ 83. Kc1 Rb2 84. Ra8 a2 85. Ra7 Rb6 86. Ra8 Rb4 87. Rc8 Rg4 88. Rc7 1/2-1/2

[Event "Valdepenas U1600 op 2nd"]
[Site "Valdepenas"]
[Date "2020.07.25"]
[Round "2.3"]
[White "Ruiz Grau, David"]
[Black "Moreno Gutierrez, Victor Manuel"]
[Result "0-1"]
[WhiteElo "1393"]
[BlackElo "1588"]
[PlyCount "98"]
[EventDate "2020.07.25"]
[EventType "swiss (rapid)"]
[EventRounds "7"]
[EventCountry "ESP"]
[SourceTitle "EXT 2024"]
[Source "ChessBase"]
[SourceDate "2023.10.10"]
[SourceVersion "1"]
[SourceVersionDate "2023.10.10"]
[SourceQuality "1"]

1. d4 Nf6 2. Nf3 g6 3. Bf4 Bg7 4. e3 0-0 5. h3 d6 6. Nbd2 b6 7. Be2 Bb7 8. 0-0 c5 9. c3 Nbd7 10. a4 a6 11. Re1 Bc6 12. Qc2 b5 13. axb5 axb5 14. dxc5 Nxc5 15. Nd4 Qb6 16. Nxc6 Qxc6 17. Nb3 Qb6 18. Bf3 d5 19. Nxc5 Qxc5 20. Qb3 Qc4 21. Qxc4 bxc4 22. Rxa8 Rxa8 23. Rb1 e6 24. Be5 Nd7 25. Bxg7 Kxg7 26. b3 cxb3 27. Rxb3 Ra1+ 28. Kh2 Rc1 29. e4 Nc5 30. Rb4 Nxe4 31. Bxe4 dxe4 32. Rxe4 Rxc3 33. f3 Rc6 34. g4 f5 35. Ra4 Rc7 36. g5 e5 37. Kg3 Kf7 38. Rh4 f4+ 39. Kg4 Kg7 40. Rh6 Rc1 41. h4 Rg1+ 42. Kh3 Rg3+ 43. Kh2 Rxf3 44. h5 Rg3 45. hxg6 hxg6 46. Rh3 Rxh3+ 47. Kxh3 Kf7 48. Kg4 Ke6 49. Kf3 Kf5 0-1

[Event "Almansa op-B 14th"]
[Site "Almansa"]
[Date "2019.08.07"]
[Round "1"]
[White "Tomczak, Andrzej"]
[Black "Moreno Gutierrez, Victor Manuel"]
[Result "1-0"]
[WhiteElo "1960"]
[BlackElo "1486"]
[PlyCount "59"]
[EventDate "2019.08.07"]
[EventType "swiss"]
[EventRounds "7"]
[EventCountry "ESP"]
[SourceTitle "EXT 2022"]
[Source "ChessBase"]
[SourceDate "2021.10.06"]
[SourceVersion "1"]
[SourceVersionDate "2021.10.06"]
[SourceQuality "1"]

1. d4 Nf6 2. Bf4 g6 3. Nf3 Bg7 4. e3 d6 5. h3 0-0 6. Be2 Nbd7 7. 0-0 Ne4 8. Nbd2 Nxd2 9. Qxd2 e5 10. Bh2 e4 11. Ne1 f5 12. c4 g5 13. Rc1 Nf6 14. f3 g4 15. Bf4 exf3 16. gxf3 gxh3 17. Kh2 Nh5 18. Nd3 Kh8 19. Rg1 Qe8 20. Kxh3 Nxf4+ 21. Nxf4 Bh6 22. Kg2 Bxf4 23. exf4 Bd7 24. d5 Qe7 25. Rh1 Rae8 26. Kf2 Rg8 27. Rh2 Rg6 28. Rch1 Reg8 29. Qc3+ Qg7 30. Rxh7# 1-0

[Event "Valdepenas U1600 1st op"]
[Site "Valdepenas"]
[Date "2019.07.28"]
[Round "7.1"]
[White "Moreno Gutierrez, Victor Manuel"]
[Black "Campillo Ortega, Jose Manuel"]
[Result "1-0"]
[WhiteElo "1407"]
[BlackElo "1599"]
[PlyCount "119"]
[EventDate "2019.07.27"]
[EventType "swiss (rapid)"]
[EventRounds "7"]
[EventCountry "ESP"]
[SourceTitle "EXT 2024"]
[Source "ChessBase"]
[SourceDate "2023.10.10"]
[SourceVersion "1"]
[SourceVersionDate "2023.10.10"]
[SourceQuality "1"]

1. d4 Nf6 2. Bf4 d6 3. Nf3 g6 4. Nc3 Bg7 5. Qd2 Bf5 6. Nh4 Bd7 7. e4 Na6 8. Nf3 c5 9. Bxa6 bxa6 10. dxc5 dxc5 11. Rd1 Bc6 12. Qxd8+ Rxd8 13. Rxd8+ Kxd8 14. Ne5 Be8 15. 0-0 Nh5 16. Rd1+ Kc8 17. g3 Nxf4 18. gxf4 Bxe5 19. fxe5 Bc6 20. Nd5 Bxd5 21. exd5 Rd8 22. c4 Kc7 23. Rd3 h5 24. f4 Rb8 25. b3 a5 26. a4 Rd8 27. Kf2 Rf8 28. Ke3 f6 29. Ke4 fxe5 30. fxe5 Rf2 31. h3 h4 32. Rf3 Rg2 33. Rf7 Re2+ 34. Kf3 Rxe5 35. Rg7 g5 36. Kg4 Kd7 37. Rxg5 Re4+ 38. Kh5 Re3 39. Kxh4 Rxb3 40. Rg4 Rb4 41. Kg5 Rxa4 42. h4 Ra1 43. h5 Rh1 44. h6 Ke8 45. Kg6 a4 46. Kg7 a3 47. Rg2 a2 48. Rxa2 Rg1+ 49. Kh7 Rg4 50. Rxa7 Rxc4 51. Ra6 Rh4 52. Kg7 c4 53. h7 Kd7 54. h8Q Rxh8 55. Kxh8 c3 56. Kg7 c2 57. Rc6 e5 58. Rxc2 Kd6 59. Kf6 e4 60. Kf5 1-0

[Event "Valdepenas U1600 1st op"]
[Site "Valdepenas"]
[Date "2019.07.27"]
[Round "4.6"]
[White "Moreno Gutierrez, Victor Manuel"]
[Black "Castro Marquez, Andrea"]
[Result "1-0"]
[WhiteElo "1407"]
[BlackElo "1330"]
[PlyCount "101"]
[EventDate "2019.07.27"]
[EventType "swiss (rapid)"]
[EventRounds "7"]
[EventCountry "ESP"]
[SourceTitle "EXT 2024"]
[Source "ChessBase"]
[SourceDate "2023.10.10"]
[SourceVersion "1"]
[SourceVersionDate "2023.10.10"]
[SourceQuality "1"]

1. d4 d5 2. Bf4 e6 3. Nf3 Nf6 4. e3 c5 5. c3 Bd6 6. Bg3 Qc7 7. Nbd2 Nbd7 8. Bd3 0-0 9. e4 e5 10. dxe5 Nxe5 11. Nxe5 Bxe5 12. exd5 Bxg3 13. hxg3 Re8+ 14. Kf1 Qe5 15. Nf3 Qe7 16. c4 Bg4 17. Qc2 g6 18. Re1 Qd6 19. Rxe8+ Rxe8 20. Rh4 Qe7 21. Qe2 Qd7 22. Qd2 Qe7 23. Qh6 Bxf3 24. gxf3 Qe1+ 25. Kg2 Qa1 26. g4 Re1 27. Rh1 Rxh1 28. Qxh1 Qxb2 29. Qe1 Qd4 30. Bf1 Kf8 31. Qa5 Nxg4 32. Qd8+ Kg7 33. fxg4 Qxg4+ 34. Kh2 Qf4+ 35. Kg1 Qg4+ 36. Bg2 Qd1+ 37. Kh2 Qh5+ 38. Bh3 Qe5+ 39. Kg1 Qe1+ 40. Bf1 Qe4 41. Qg5 h6 42. Qe3 Qg4+ 43. Qg3 Qe4 44. d6 Qd4 45. Bh3 Qxc4 46. d7 Qd5 47. Qc7 Qd1+ 48. Kh2 Qd2 49. d8Q Qxf2+ 50. Bg2 Qf5 51. Qd5 1-0